[Event "Giovanni Pico Cup 7th"]
[Site "Mirandola"]
[Date "2014.01.12"]
[Round "5"]
[White "Guzzetti, Luigi Enrico"]
[Black "Zuccaro, Guido"]
[Result "1-0"]
[WhiteElo "1907"]
[BlackElo "1702"]
[PlyCount "135"]
[EventDate "2014.01.10"]
[EventType "swiss"]
[EventRounds "5"]
[EventCountry "ITA"]
[SourceTitle "EXT 2015"]
[Source "ChessBase"]
[SourceDate "2014.11.20"]
[SourceVersion "1"]
[SourceVersionDate "2014.11.20"]
[SourceQuality "1"]

1. e4 e6 2. d4 d5 3. e5 c5 4. c3 Nc6 5. Nf3 cxd4 6. cxd4 Nh6 7. Bd3 Nf5 8. 0-0 Nfxd4 9. Nxd4 Nxd4 10. Nc3 Nc6 11. Re1 Be7 12. Qg4 g6 13. Bh6 a6 14. Rad1 Qc7 15. Qg3 Bd7 16. Rc1 Qb6 17. Qh3 Qxb2 18. Bg7 Rg8 19. Qxh7 0-0-0 20. Rc2 Qb4 21. Rb1 Qh4 22. Qxh4 Bxh4 23. Bh6 Be7 24. Rcb2 b5 25. Bf4 Na5 26. a4 Nc4 27. Bxc4 dxc4 28. axb5 a5 29. b6 Bb4 30. Bd2 Bc6 31. Be1 Kb7 32. Ne2 Bxe1 33. Rxe1 Rd3 34. Rc2 Bd5 35. Rb1 Rb3 36. Ra1 Kxb6 37. Kf1 Rb8 38. Rca2 Ra8 39. g3 Rb4 40. Ke1 c3 41. Rc2 Re4 42. Rxc3 Rxe5 43. Kd2 a4 44. Rb1+ Bb3 45. Nc1 Rd8+ 46. Rd3 Red5 47. Rxd5 Rxd5+ 48. Kc3 Rc5+ 49. Kb4 Bc2 50. Ra1 Rb5+ 51. Kc3 Bb3 52. Rb1 Bd5 53. Ra1 Ka5 54. h3 Rb4 55. Ra3 Kb5 56. Kd3 Rb1 57. Kd2 Kb4 58. Re3 Bc4 59. Kc2 Rxc1+ 60. Kxc1 a3 61. Kb1 a2+ 62. Kb2 Bd5 63. h4 f5 64. Ra3 Kc5 65. Ra4 Kd6 66. f4 Ke7 67. Ra7+ Kd6 68. Rg7 1-0

[Event "Lugano op 15th"]
[Site "Lugano"]
[Date "2012.11.04"]
[Round "7"]
[White "Koelbl, Wolfgang"]
[Black "Zuccaro, Guido"]
[Result "1-0"]
[WhiteElo "1883"]
[BlackElo "1753"]
[PlyCount "53"]
[EventDate "2012.11.01"]
[EventType "swiss"]
[EventRounds "7"]
[EventCountry "SUI"]
[SourceTitle "EXT 2013"]
[Source "ChessBase"]
[SourceDate "2012.11.22"]
[SourceVersion "1"]
[SourceVersionDate "2012.11.22"]
[SourceQuality "1"]

1. d4 d5 2. Nf3 Nf6 3. c3 e6 4. Bg5 c5 5. e3 Nc6 6. Bd3 h6 7. Bh4 Be7 8. Nbd2 a6 9. a4 0-0 10. 0-0 b6 11. Ne5 Bb7 12. f4 Nd7 13. Bxe7 Nxe7 14. Qh5 Nf6 15. Qf3 Nc8 16. f5 exf5 17. Bxf5 Nd6 18. Qh3 Nxf5 19. Qxf5 Bc8 20. Qf3 Qd6 21. Rf2 Ra7 22. Raf1 Be6 23. Qg3 Nd7 24. Ndf3 Nxe5 25. Nxe5 Qc7 26. Rf6 Kh7 27. Rxe6 1-0

[Event "Ptuj op 6th"]
[Site "Ptuj"]
[Date "2011.08.15"]
[Round "5"]
[White "Kelemen, Miljenko"]
[Black "Zuccaro, Guido"]
[Result "1/2-1/2"]
[WhiteElo "2072"]
[BlackElo "1720"]
[PlyCount "108"]
[EventDate "2011.08.12"]
[EventType "swiss"]
[EventRounds "9"]
[EventCountry "SLO"]
[SourceTitle "CBM 143 Extra"]
[Source "ChessBase"]
[SourceDate "2011.08.29"]
[SourceVersion "1"]
[SourceVersionDate "2011.08.29"]
[SourceQuality "1"]

1. d4 d5 2. Nf3 Nf6 3. Bg5 e6 4. e3 Bd6 5. Nbd2 c5 6. c3 Nc6 7. e4 cxd4 8. cxd4 dxe4 9. Nxe4 Be7 10. Nc3 0-0 11. Bc4 b6 12. 0-0 Bb7 13. a3 a6 14. Ba2 Qc7 15. Qe2 Ng4 16. Be3 Nxd4 17. Bxd4 Bxf3 18. Be5 Nxe5 19. gxf3 Ng6 20. Qe4 Bf6 21. Rac1 Qf4 22. Rc2 Be5 23. Qxf4 Nxf4 24. Re1 Bxc3 25. bxc3 Rac8 26. Re4 Nd3 27. Kf1 Rc7 28. Ke2 Nc5 29. Rb4 b5 30. f4 Rfc8 31. Rd4 Kf8 32. Rd6 Rc6 33. Rxc6 Rxc6 34. Ke3 a5 35. Kd4 Nd7 36. Rb2 Rc5 37. c4 bxc4 38. Bxc4 Rh5 39. Rb7 Nf6 40. Rb8+ Ke7 41. Rb7+ Nd7 42. a4 g6 43. Ra7 Kd8 44. Bb5 Rd5+ 45. Ke3 Ke7 46. Rxa5 Nf6 47. Ra7+ Kf8 48. Be2 Rc5 49. Bf3 Nd5+ 50. Bxd5 Rxd5 51. a5 Kg7 52. a6 Ra5 53. Ra8 Kf6 54. Kf3 h5 1/2-1/2

[Event "Vignola Weekend-A 9th"]
[Site "Vignola"]
[Date "2010.11.13"]
[Round "3"]
[White "Di Trapani, Davide"]
[Black "Zuccaro, Guido"]
[Result "1-0"]
[WhiteElo "2000"]
[BlackElo "1720"]
[PlyCount "51"]
[EventDate "2010.11.12"]
[EventType "swiss"]
[EventRounds "5"]
[EventCountry "ITA"]
[SourceTitle "EXT 2024"]
[Source "ChessBase"]
[SourceDate "2023.10.10"]
[SourceVersion "1"]
[SourceVersionDate "2023.10.10"]
[SourceQuality "1"]

1. e4 e6 2. d4 d5 3. Nc3 dxe4 4. Nxe4 Nf6 5. Bg5 Be7 6. Bxf6 Bxf6 7. Nf3 0-0 8. c3 b6 9. Bd3 Bb7 10. Qc2 Nd7 11. 0-0-0 Rc8 12. h4 Qe7 13. g4 Bxe4 14. Bxe4 g6 15. g5 Bg7 16. h5 c5 17. d5 exd5 18. Bxd5 Ne5 19. hxg6 Nxg6 20. Qf5 Rfd8 21. Qh3 Nf4 22. Qxh7+ Kf8 23. Qf5 Nxd5 24. Rxd5 Qb7 25. Rhd1 Rxd5 26. Rxd5 1-0

[Event "Condino op"]
[Site "Condino"]
[Date "2009.07.28"]
[Round "2"]
[White "Zuccaro, Guido"]
[Black "Righi, Ezio"]
[Result "0-1"]
[WhiteElo "1705"]
[BlackElo "2111"]
[PlyCount "104"]
[EventDate "2009.07.27"]
[EventType "swiss"]
[EventRounds "7"]
[EventCountry "ITA"]
[SourceTitle "CBM 131 Extra"]
[Source "ChessBase"]
[SourceDate "2009.09.03"]
[SourceVersion "2"]
[SourceVersionDate "2009.09.16"]
[SourceQuality "1"]

1. c4 b6 2. Nc3 Bb7 3. d3 f5 4. e3 Nf6 5. Nf3 e6 6. Be2 Be7 7. 0-0 0-0 8. Qc2 a6 9. e4 fxe4 10. dxe4 d6 11. Rd1 Qe8 12. Nd4 Bd8 13. b4 Nbd7 14. Bb2 Ne5 15. h3 Ng6 16. a4 Qf7 17. Rf1 Nd7 18. Bg4 Re8 19. Bh5 Nf6 20. Be2 Nf4 21. Bf3 Nd7 22. Nce2 Ne5 23. Nxf4 Nxf3+ 24. Nxf3 Qxf4 25. Rfe1 Be7 26. Re2 Rf8 27. Rae1 a5 28. b5 Rac8 29. Qc3 Qh6 30. Qe3 Qg6 31. Nd4 Rce8 32. f4 Bf6 33. Nf3 Bxb2 34. Rxb2 Qf6 35. Rbe2 Qxf4 36. Qd3 Qg3 37. Re3 Qg6 38. Qe2 Rf4 39. e5 Bxf3 40. Rxf3 dxe5 41. Re3 e4 42. Rxe4 Rxe4 43. Qxe4 Qxe4 44. Rxe4 Kf7 45. Kf2 Rd8 46. Ke2 Rd7 47. g3 Kf6 48. h4 e5 49. g4 Rd4 50. Ke3 Rd1 51. c5 Re1+ 52. Kd3 Rxe4 0-1

[Event "Rivarolo Mantovano Weekend 5th"]
[Site "Rivarolo Mantovano"]
[Date "2007.10.13"]
[Round "2"]
[White "Pipitone, Antonio"]
[Black "Zuccaro, Guido"]
[Result "1-0"]
[WhiteElo "2028"]
[BlackElo "1836"]
[PlyCount "59"]
[EventDate "2007.10.12"]
[EventType "swiss"]
[EventRounds "5"]
[EventCountry "ITA"]
[SourceTitle "EXT 2010"]
[Source "ChessBase"]
[SourceDate "2010.11.25"]
[SourceVersion "1"]
[SourceVersionDate "2010.11.25"]
[SourceQuality "1"]

1. e4 e6 2. d4 d5 3. Nc3 Bb4 4. e5 c5 5. a3 Bxc3+ 6. bxc3 Ne7 7. Nf3 Qc7 8. Be2 Nbc6 9. 0-0 Bd7 10. a4 0-0 11. Ba3 cxd4 12. cxd4 Rfc8 13. Bd6 Qa5 14. Bd3 h6 15. Qc1 Nf5 16. Bxf5 exf5 17. Qa3 a6 18. Rfb1 b6 19. Qb3 b5 20. axb5 Qxb5 21. Qa2 Qc4 22. Qxc4 dxc4 23. d5 Nd8 24. c3 Bb5 25. Nd4 f4 26. e6 fxe6 27. dxe6 Be8 28. Bxf4 Bg6 29. Rb6 a5 30. e7 1-0